000 00707nam a2200289Ia 4500
005 20260324120755.0
008 008 260324s9999 xx 000 0 eng d
020 _a9781003103707
037 _aEBOOK
040 _aCRL
040 _beng
040 _cCRL
041 _2eng
041 _aeng
084 _qCRL
100 _aLiz Wells; Nicos Philippou; Theopisti Stylianou-Lambert
_91159916
245 0 _aPhotography and Cyprus
245 0 _bTime, Place and Identity
260 _bTaylor and Francis
260 _c2014
365 _a
365 _b180
856 _uhttp://www.taylorfrancis.com/books/9781003103707
942 _cEBOOK
999 _c1751615
_d1751615